Europejskie miasta po opisie [#1] - Statystyki

Ogólne statystyki
  • Ten quiz został rozwiązany 24 razy
  • Średni wynik to 6 z 15
Statystyki odpowiedzi
Podpowiedź Miasto % Poprawnych
Najludniejsze niemieckojęzyczne miasto, niebędące stolicą kraju Hamburg
89%
W tym nadmorskim mieście można znaleźć siedzibę Międzynarodowego Trybunału Sprawiedliwości Haga
68%
W tym mieście znajduje się obraz "Ostatnia wieczerza" autorstwa Leonardo Da Vinci Mediolan
53%
Największe miasto regionu morawsko-śląskiego Ostrawa
53%
Stolica kraju, którego 45% mieszkańców deklaruje się jako wyznawcy islamu Tirana
47%
Położone nad rzeką Clyde, jedno z największych miast archipelagu Wysp Brytyjskich Glasgow
42%
Największe miasto Hiszpanii, które nie leży w jego kontynentalnej części Palma (de Mallorca)
42%
Leży w regionie Lazurowego Wybrzeża, słynie z festiwalów filmowych Cannes
32%
Miasto leżące nad oceanem, słynie ze wzmacnianego wina Porto
32%
Drugie największe miasto swojego kraju, leży na wyżynie Transylwańskiej Kluż-Napoka
26%
Miasto, które słynie z Pomnika Czynu Rewolucyjnego Rzeszów
26%
Stolica samozwańczej republiki Naddniestrza Tyraspol
21%
Leży na wschodnim krańcu Mostu nad Sundem Malmö
11%
W pobliżu tego miasta znajduje się wioska Świętego Mikołaja Rovaniemi
11%
Miasto te słynie ze swojej architektury oraz diamentowej dzielnicy Antwerpia
5%
Nie znaleziono quizów pasujących do podanych kryteriów
Rozkład punktacji
Procent ludzi z każdym wynikiem
Percentyl według liczby udzielonych odpowiedzi
Twoja historia wyników
Nie rozwiązałeś tego quizu